Digital Marketing (Record no. 40836)
[ view plain ]
| 000 -LEADER | |
|---|---|
| fixed length control field | 00304nam a2200133Ia 4500 |
| 008 - FIXED-LENGTH DATA ELEMENTS--GENERAL INFORMATION | |
| fixed length control field | 240703s9999 xx 000 0 und d |
| 041 ## - LANGUAGE CODE | |
| Language code of text/sound track or separate title | eng |
| 100 ## - MAIN ENTRY--PERSONAL NAME | |
| Personal name | Ira Kaufman |
| 245 ## - TITLE STATEMENT | |
| Title | Digital Marketing |
| 260 ## - PUBLICATION, DISTRIBUTION, ETC. | |
| Name of publisher, distributor, etc. | Routledge |
| Date of publication, distribution, etc. | 2024 |
| 365 ## - TRADE PRICE | |
| Currency code | |
| Price amount | 4,737.50 |
| 906 ## - LOCAL DATA ELEMENT F, LDF (RLIN) | |
| b | 33 |
| Withdrawn status | Lost status | Source of classification or shelving scheme | Damaged status | Not for loan | Home library | Current library | Shelving location | Date acquired | Source of acquisition | Cost, normal purchase price | Total Checkouts | Total Renewals | Full call number | Barcode | Date due | Date last seen | Date last checked out | Copy number | Price effective from | Koha item type |
|---|---|---|---|---|---|---|---|---|---|---|---|---|---|---|---|---|---|---|---|---|
| Dewey Decimal Classification | IMTN | IMTN | Rack 33-B | 07/03/2024 | Dr. Mamta Solanki | 42.99 | 1 | 1 | 658.872 KAU | 33245 | 12/20/2025 | 07/06/2024 | 07/06/2024 | 110.2 | 07/03/2024 | Books |